Kpop songs 2024 - Statistiques

Statistiques générales
  • Ce quiz a été pris 193 fois
  • Le résultat moyen est 33 sur 97
Statistiques - réponses
Hint Réponse % Correct
Babymonster, Album (Drip) Drip
82%
Seventeen, Album (Super) Super
82%
Rose ft.Bruno Mars APT.
78%
Le Sserafim, Album (Easy) Easy
73%
Itzy, Album (Born to be) Born to be
68%
Lisa ft.Rosalia New woman
63%
Zico ft.Jennie SPOT!
63%
Jimin, Album (Muse) Who
62%
Smart
61%
Illit, Album (SUPER REAL ME) Magnetic
61%
Lisa ROCKSTAR
61%
Aespa, Album (SYNK : PARALLEL LINE) Karina Up
61%
Nayeon, Album (NA) ABCD
59%
NewJeans, Album (How Sweet) How sweet
59%
Aespa Supernova
58%
NewJeans, Album (Supernatural) Supernatural
57%
XO
54%
Jennie Mantra
53%
Babymonster, Album (BABYMONS7ER) SHEESH
51%
MEOVV MEOW
49%
Armageddon
48%
toxic till the end
48%
Stray kids ft.Charlie Puth Lose my breath
47%
Igloo
46%
Forever
45%
Aespa Whiplash
44%
Sticky
43%
Ateez, Album (GOLDEN HOUR : Part.1) Work
42%
Super lady
41%
Billionaire
39%
Crazy
39%
Seventeen, Album (17 IS RIGHT HERE) Maestro
39%
Rose, Album (Rosie) number one girl
39%
Tick Tack
39%
Untouchable
38%
IVE, Album (IVE SWITCH) HEYA
36%
LIKE THAT
36%
Bubble Gum
35%
Click Clack
35%
Red velvet Cosmic
35%
TXT, Album (minisode 3: TOMORROW) Deja Vu
35%
Giselle Dopamine
35%
Ateez, Album (GOLDEN HOUR : Part.2) Ice on my teeth
35%
Winter Spark
35%
Illit, Album (I’LL LIKE YOU) Cherish (My Love)
34%
Mr.vampire
33%
No Doubt
33%
Brought The Heat Back
31%
Enhyepn, Album (ROMANCE : UNTOLD) Moonstruck
30%
NMIXX, Album (Fe3O4: BREAK) DASH
29%
Enhypen, Album (ROMANCE : UNTOLD -daydream-) Daydream
29%
G-Dragon, Album (Übermensch) Power
28%
(G)I-DLE, Album (2) Wife
28%
Accendio
27%
Ningning Bored!
25%
Stray kids, Album (GIANT) Chk Chk Boom
25%
Fatal Trouble
25%
Kiss of life Midas touch
25%
Twice, Album (With You-th) One spark
25%
TXT, Album (The Star Chapter: SANCTUARY) Over the Moon
25%
Gold
24%
Lucky Girl Syndrome
24%
Sunghoon, Jay, Jake Lucifer
22%
P1harmony Sad Song
22%
NMIXX, Album (Fe3O4: STICK OUT) See that?
22%
Babymonster Stuck In The Middle
22%
Everglow Zombie
22%
I got you
21%
Heeseung, Sunoo, Ni-ki, Jungwon Teeth
21%
CRIMINAL LOVE
20%
Dreamcatcher, Album (VirtuouS) JUSTICE
20%
Choi Yena Nemonemo
20%
Paranormal
20%
Royalty
20%
Your Eyes Only
20%
Highway 1009
19%
Kiss of life, Album (Lose Yourself) Get Loud
18%
Riize Impossible
18%
IU, Album (The Winning) Love wins all
18%
Enhypen, Album (MEMORABILIA) One In A Billion
18%
Run For Roses
18%
Zerobaseone, Album (You had me at HELLO) Feel the POP
17%
Hundred Broken Hearts
17%
Right Now
17%
Scream
17%
BIBI Bam Yang Gang
16%
Chuu Strawberry Rush
16%
Baekhyun, Album (Hello, World) Pineapple Slice
15%
IVE Supernova love
14%
Soñar
13%
Love, money, fame
12%
Jaehyun, Album (J) Smoke
12%
Riize, Album (RIIZING - The 1st Mini Album) Talk saxy
12%
Roses
11%
Pierrot
10%
1-800-hot-n-fun
8%
Lisa Moonlight Floor (Kiss Me)
2%
Aucun quiz correspondant
Distribution des résultats
% des personnes avec chaque résultat
Percentile par nombre de réponses
Votre historique - résultats
Vous n’avez pas pris ce quiz